Russell Crowe Movies - Sudden Death - Statistics

General Stats
  • This quiz has been taken 341 times
  • The average score is 8 of 21
Answers on the Grid
Answers color-coded by a green-red scale on the quiz's grid according to % correct below.
Gladiator
Master and Commander: The Far Side of the World
A Beautiful Mind
Cinderella Man
Man of Steel
Les Miserables
Thor: Love and Thunder
Robin Hood
L.A. Confidential
The Quick and the Dead
The Insider
A Good Year
3:10 to Yuma
American Gangster
Body of Lies
State of Play
The Next Three Days
Noah
The Nice Guys
The Mummy
Kraven the Hunter
Signs
Unbreakable
The Happening
The Sixth Sense
The Big Short
Vice
Don't Look Up
Gladiator II
Justice League
How to Train Your Dragon
Braveheart
Saving Private Ryan
The Matrix
The Monuments Men
 
Answer Stats
Answer % Correct
Gladiator
80%
A Beautiful Mind
65%
Master and Commander: The Far Side of the World
53%
Robin Hood
53%
Noah
52%
Cinderella Man
50%
Les Miserables
50%
L.A. Confidential
46%
The Nice Guys
40%
3:10 to Yuma
39%
American Gangster
38%
The Insider
33%
Body of Lies
30%
Man of Steel
30%
Thor: Love and Thunder
27%
A Good Year
26%
The Quick and the Dead
25%
State of Play
23%
The Next Three Days
23%
Kraven the Hunter
20%
The Mummy
12%
No matching quizzes found
Score Distribution
Percent of People with Each Score
Percentile by Number Answered
Your Score History
You have not taken this quiz